00532nam a22001577a 4500003000200000005001700002008004100019020002200060050002400082100002800106245007400134260003700208300005900245504005600304650001400360020250115125252.0250115b xxu||||| |||| 00| 0 eng d a978-621-435-048-3 aPE 1128 b.R43 2021 aRebonquin, Kathlynn Z.  aEnglish for academic and professional purposescKathlynn Z. Rebonquin aBulacanbKLEAFS Publishingc2021 avi, 165 pages : billustrations and pictures ;c26cm.  aIncludes bibliographical references and glossary.  aEnglish.